00594nam a2200157 a 450000100100000000500170001000800410002704000250006808200150009310000380010824501340014626000520028030000210033250000470035370000360040000004637120201002052825.0150805s1983 pr 000 0 spa d aDO-SdBNPbspacBNPHU axxxxbxxxx1 aPiñeiro de Rivera, Flor,d1922-10aLiteratura infantil caribeña :bPuerto Rico, República Dominicana y Cuba /cFlor Piñeiro de Rivera, Isabel Freire de Matos. aHato Rey, Puerto Rico :bBoriken Libros,c1983. a123 p. ;c21 cm. aIncluye datos biográficos de las autoras12aFreire de Matos, Isabel,d1915-